Estatísticas para Nomeie um clube campeão da UEFA Champions League

Clique aqui para jogar o quiz

Estatísticas Gerais

  • Esse quiz foi jogado 663 vezes
  • A pontuação média é 11 de 15

Estatísticas das Respostas

LetraClube% Correto
BBayern de Munique | Barcelona | Benfica | Borussia Dortmund
99%
RReal Madrid
93%
MMilan | Manchester United
91%
CChelsea | Celtic
89%
LLiverpool
84%
PPorto | PSV
83%
AAjax | Aston Villa
82%
JJuventus
81%
IInter de Milão
76%
EEstrela Vermelha
60%
NNottingham Forest
55%
FFeyenoord
50%
HHamburgo
49%
OOlympique de Marseille
37%
SSteaua Bucareste
32%

Distribuição das Pontuações

Percentil de Números Respondidos

Porcentagem de Pessoas com Cada Pontuação

Sua Pontuação Histórica

Você não jogou esse quiz